| 000 | 00611nam a2200241Ia 4500 | ||
|---|---|---|---|
| 008 | 210210b2012 xxu||||| |||| 00| 0 eng d | ||
| 020 | _a0198079397 | ||
| 041 | _aeng | ||
| 082 | _a320.95 SRIC | ||
| 100 | _aSRIDHARAN (E) Ed | ||
| 245 | _aCoalition politics and democratic consolidation in Asia | ||
| 260 |
_aNew Delhi _bOxford University Press _c2012 |
||
| 300 | _axiii,284 | ||
| 650 | _apolitics | ||
| 650 | _ain | ||
| 650 | _ademocratic | ||
| 650 | _aconsolidation | ||
| 650 | _aCoalition | ||
| 650 | _aAsia | ||
| 650 | _aand | ||
| 690 | _aPolitical Situation & Condition | ||
| 906 | _a068057 | ||
| 999 |
_c152397 _d152397 |
||